000 00953nam a2200265Ia 4500
003 OSt
005 20221005105645.0
006 a|||||r|||| 00| 0
007 ta
008 221004b |||||||| |||| 00| 0 hin d
020 _a8170556813 (hbk)
_c975
024 _a88638
037 _b518, 25/03/2008, Vani Prakashan
_cTextual
040 _aCRL
_cCRL
_bhin
041 _2hin
_ahin
082 _a4:(Z), 152N9
100 _aपचौरी, सुधीश
245 0 _aप्रसार भारती और प्रसारण नीति
246 _aPrasār bhāratī aur prasāraṇ nīti
260 _aनई दिल्ली
_bवाणी प्रकाशन भारत
_c1999
300 _a215पृ0
_ccm.
650 _aहिन्दी पत्रकारिता
942 _h4:(Z), 152N9
_cTEXL
_2cc
999 _c1016477
_d1016477